Sabhda Sawbhagyam (Record no. 69037)

MARC details
000 -LEADER
fixed length control field 00399nam a2200145Ia 4500
008 - FIXED-LENGTH DATA ELEMENTS--GENERAL INFORMATION
fixed length control field 211109s9999||||xx |||||||||||||| ||und||
082 ## - DEWEY DECIMAL CLASSIFICATION NUMBER
Classification number 494.81205
Item number KUN-S
100 ## - MAIN ENTRY--PERSONAL NAME
Personal name Kunnappally, John
245 #0 - TITLE STATEMENT
Title Sabhda Sawbhagyam
260 ## - PUBLICATION, DISTRIBUTION, ETC.
Name of publisher, distributor, etc. Pontifical Institute
Place of publication, distribution, etc. Alwaye
Date of publication, distribution, etc. 1977
300 ## - PHYSICAL DESCRIPTION
Extent 378p.
630 ## - SUBJECT ADDED ENTRY--UNIFORM TITLE
General subdivision General Stack
650 ## - SUBJECT ADDED ENTRY--TOPICAL TERM
Topical term or geographic name entry element Malayalam language
942 ## - ADDED ENTRY ELEMENTS (KOHA)
Koha item type BOOK
650 ## - SUBJECT ADDED ENTRY--TOPICAL TERM
Form subdivision Grammar
General subdivision LanguageGeneralia
Holdings
Withdrawn status Lost status Damaged status Not for loan Home library Current library Date acquired Cost, normal purchase price Total Checkouts Full call number Barcode Shelving location Date last seen Price effective from Koha item type
        SB LIBRARY SB LIBRARY 09/11/2021 18.00   494.81205 KUN-S 00053196 GENERAL STACK 09/11/2021 09/11/2021 BOOK

Powered by Koha